000 00579nam a2200193 i 4500
001 31144
003 ES-MaACL
005 20250806012932.0
007 t|
008 030128s1970 sp ||||1| spa d
100 0 _aBeau, Georges.
_926801
245 1 0 _aMedicina china /
_cGeorges Beau ; traducción de Mariano Orta Manzano.
260 _aBarcelona :
_bMartínez Roca,
_c1970.
300 _a192 p. :
_bil. ;
_c18 cm.
650 7 _aMedicina china
_2embne
_9159719
700 1 _aOrta Manzano, Mariano.
_987384
852 _aES-MaACL
_jC-44306
_bR.74707
999 _c31144
_d31144